Statistics for Top Fruit Producing Countries

Click here to take the quiz!

General Stats

  • This quiz has been taken 71 times
  • The average score is 23 of 27

Answer Stats

FruitCountry% Correct
BlueberryUnited States
99%
OrangesBrazil
97%
GrapesChina
97%
KiwifruitChina
97%
PeachChina
97%
PearChina
97%
PlumChina
97%
StrawberryChina
97%
TomatoChina
97%
WatermelonChina
97%
AppleChina
97%
AvocadoMexico
93%
OliveSpain
91%
PapayaIndia
90%
BananaIndia
90%
MangoIndia
90%
LemonIndia
90%
CurrantRussia
84%
RaspberryRussia
84%
DateEgypt
78%
CoconutIndonesia
78%
ApricotTurkey
78%
CherryTurkey
78%
FigTurkey
78%
GooseberryGermany
60%
PineappleCosta Rica
30%
QuinceUzbekistan
9%

Score Distribution

Percentile by Number Answered

Percent of People with Each Score

Your Score History

You have not taken this quiz